[Event "Bundesliga 0102"]
[Site "Deutschland"]
[Date "2002.02.03"]
[Round "7.6"]
[White "Espig, Lutz"]
[Black "Polzin, Rainer"]
[Result "1-0"]
[WhiteElo "2421"]
[BlackElo "2469"]
[PlyCount "141"]
[EventDate "2001.10.06"]
[EventType "team"]
[EventRounds "15"]
[EventCountry "GER"]
[SourceTitle "Bundesliga 0102"]
[Source "DeepChess"]
[SourceDate "2005.01.01"]
[SourceVersion "1"]
[SourceVersionDate "2005.01.01"]
[SourceQuality "1"]
[WhiteTeam "SK Koenig Plauen"]
[BlackTeam "SF Neukoelln 03 e.V."]
[WhiteTeamCountry "GER"]
[BlackTeamCountry "GER"]

1. d4 Nf6 2. g3 g6 3. Bg2 Bg7 4. e4 d6 5. Nc3 O-O 6. Nge2 e5 7. h3 c6 8. a4 a5
9. Be3 Na6 10. Qd2 Nb4 11. O-O-O Qc7 12. g4 Be6 13. f4 Bc4 14. f5 Rfe8 15. dxe5
dxe5 16. Qd6 Qxd6 17. Rxd6 Red8 18. Rhd1 Rxd6 19. Rxd6 Ne8 20. Rd7 b5 21. b3
Bxe2 22. Nxe2 bxa4 23. bxa4 Bf8 24. Nc3 Na6 25. Bf1 Nf6 26. Rb7 Bc5 27. Bh6
Ba3+ 28. Kb1 Nc5 29. Rc7 Nfxe4 30. Nxe4 Nxe4 31. Ka2 Bf8 32. Bxf8 Kxf8 33. Rxc6
gxf5 34. gxf5 Ke7 35. Bg2 Nf2 36. f6+ Kf8 37. Bd5 Kg8 38. Rc5 Rd8 39. Rxa5 Nxh3
40. Ra8 Rxa8 41. Bxa8 Nf4 42. a5 Ne6 43. Bf3 Nc7 44. Kb3 Kf8 45. Kc4 Ke8 46.
Kc5 Kd7 47. Bg4+ Kd8 48. Kb6 Nd5+ 49. Kb7 Nxf6 50. a6 Ne8 51. a7 Nc7 52. Bf5 h6
53. c3 h5 54. Kb6 Na8+ 55. Kc6 Nc7 56. Kb7 h4 57. Kb6 Na8+ 58. Kc6 Nc7 59. Kb7
f6 60. c4 Na8 61. Kxa8 Kc7 62. c5 h3 63. Bxh3 e4 64. Bg4 e3 65. Be2 Kc8 66. Bd3
Kc7 67. Ba6 f5 68. Bd3 f4 69. Be2 Kc8 70. Bh5 Kc7 71. Bg4 1-0

[Event "Bundesliga 0102"]
[Site "Deutschland"]
[Date "2002.02.03"]
[Round "7.7"]
[White "Poldauf, Dirk"]
[Black "Haskamp, Stephan"]
[Result "1-0"]
[WhiteElo "2403"]
[BlackElo "2310"]
[PlyCount "58"]
[EventDate "2001.10.06"]
[EventType "team"]
[EventRounds "15"]
[EventCountry "GER"]
[SourceTitle "Bundesliga 0102"]
[Source "DeepChess"]
[SourceDate "2005.01.01"]
[SourceVersion "1"]
[SourceVersionDate "2005.01.01"]
[SourceQuality "1"]
[WhiteTeam "SF Neukoelln 03 e.V."]
[BlackTeam "SK Koenig Plauen"]
[WhiteTeamCountry "GER"]
[BlackTeamCountry "GER"]

1. c4 c5 2. g3 g6 3. Bg2 Bg7 4. Nc3 Nc6 5. a3 e6 6. b4 Nxb4 7. axb4 cxb4 8. d4
bxc3 9. e3 Ne7 10. Ne2 O-O 11. Ba3 Re8 12. Nxc3 d5 13. Bxe7 Rxe7 14. cxd5 e5
15. Nb5 Bh3 16. Bxh3 Qxd5 17. O-O Qxb5 18. d5 Rd8 19. d6 Ree8 20. d7 Re7 21.
Qd6 Bf8 22. Rfb1 Qc6 23. Qxc6 bxc6 24. Rxa7 f5 25. Rd1 Kf7 26. Bf1 e4 27. Bc4+
Kf6 28. Rd6+ Ke5 29. Rxc6 Rexd7 1-0

[Event "Bundesliga 0102"]
[Site "Deutschland"]
[Date "2002.02.03"]
[Round "7.8"]
[White "Sandner, Gunter"]
[Black "Rudolf, Henrik"]
[Result "0-1"]
[WhiteElo "2327"]
[BlackElo "2328"]
[PlyCount "104"]
[EventDate "2001.10.06"]
[EventType "team"]
[EventRounds "15"]
[EventCountry "GER"]
[SourceTitle "Bundesliga 0102"]
[Source "DeepChess"]
[SourceDate "2005.01.01"]
[SourceVersion "1"]
[SourceVersionDate "2005.01.01"]
[SourceQuality "1"]
[WhiteTeam "SK Koenig Plauen"]
[BlackTeam "SF Neukoelln 03 e.V."]
[WhiteTeamCountry "GER"]
[BlackTeamCountry "GER"]

1. Nf3 g6 2. c4 Bg7 3. d4 d6 4. g3 Nf6 5. Bg2 O-O 6. O-O Nbd7 7. Nc3 e5 8. e4
a6 9. h3 b5 10. dxe5 dxe5 11. Qe2 c6 12. b3 Re8 13. Rd1 Qa5 14. Bd2 Qc7 15.
Rac1 b4 16. Na4 c5 17. Ne1 Nf8 18. Be3 Ne6 19. Nd3 Nd7 20. f4 Bb7 21. Qf2 exf4
22. gxf4 Bd4 23. Bxd4 cxd4 24. c5 Rac8 25. Nxb4 Qxf4 26. c6 Ne5 27. Nd5 Qxf2+
28. Kxf2 Kg7 29. c7 Bxd5 30. exd5 Rxc7 31. Rxc7 Nxc7 32. Rxd4 Nb5 33. Rd2 Nd6
34. Nc5 a5 35. Ne4 Nxe4+ 36. Bxe4 f5 37. Bg2 Kf6 38. d6 Rd8 39. Rd5 g5 40. Rxa5
Rxd6 41. Bd5 h5 42. a4 f4 43. Ke2 g4 44. hxg4 hxg4 45. Rc5 Kf5 46. a5 Rh6 47.
b4 Rh2+ 48. Kf1 f3 49. Kg1 Rg2+ 50. Kf1 Rb2 51. a6 Rb1+ 52. Kf2 Kf4 0-1

[Event "Bundesliga 0102"]
[Site "Deutschland"]
[Date "2002.02.03"]
[Round "7.3"]
[White "Vaganian, Rafael A"]
[Black "Holzke, Frank"]
[Result "1-0"]
[WhiteElo "2650"]
[BlackElo "2468"]
[PlyCount "99"]
[EventDate "2001.10.06"]
[EventType "team"]
[EventRounds "15"]
[EventCountry "GER"]
[SourceTitle "Bundesliga 0102"]
[Source "DeepChess"]
[SourceDate "2005.01.01"]
[SourceVersion "1"]
[SourceVersionDate "2005.01.01"]
[SourceQuality "1"]
[WhiteTeam "SG Porz e.V."]
[BlackTeam "SV Wattenscheid 1930"]
[WhiteTeamCountry "GER"]
[BlackTeamCountry "GER"]

1. d4 Nf6 2. c4 g6 3. g3 d5 4. cxd5 Nxd5 5. Bg2 Bg7 6. e4 Nb6 7. Ne2 c5 8. d5
e6 9. O-O exd5 10. exd5 O-O 11. Nbc3 Na6 12. d6 Rb8 13. Bf4 Bd7 14. h4 Bc6 15.
d7 Bxg2 16. Kxg2 Ra8 17. Bd6 Qxd7 18. Bxf8 Qc6+ 19. Kh2 Rxf8 20. Rc1 Nb4 21. a3
N4d5 22. Nxd5 Nxd5 23. b4 c4 24. Nd4 Qd7 25. Nc2 Qf5 26. Nd4 Qd7 27. a4 Rc8 28.
Nb5 a6 29. Na3 b5 30. axb5 axb5 31. Qd2 Qc6 32. Rfd1 Nf6 33. Kg1 Ng4 34. Nc2
Bb2 35. Rb1 h5 36. Qd7 Qxd7 37. Rxd7 c3 38. Rbd1 Kg7 39. Re7 Ra8 40. Rdd7 Nh6
41. Kf1 Ra6 42. Rb7 Rf6 43. Red7 Ng4 44. f4 Bc1 45. Ke2 Re6+ 46. Kd3 Nf2+ 47.
Kd4 Rf6 48. Rxb5 Nh1 49. Rg5 Bd2 50. b5 1-0

[Event "Bundesliga 0102"]
[Site "Deutschland"]
[Date "2002.02.03"]
[Round "7.4"]
[White "Ellers, Holger"]
[Black "Hansen, Curt"]
[Result "0-1"]
[WhiteElo "2444"]
[BlackElo "2626"]
[PlyCount "74"]
[EventDate "2001.10.06"]
[EventType "team"]
[EventRounds "15"]
[EventCountry "GER"]
[SourceTitle "Bundesliga 0102"]
[Source "DeepChess"]
[SourceDate "2005.01.01"]
[SourceVersion "1"]
[SourceVersionDate "2005.01.01"]
[SourceQuality "1"]
[WhiteTeam "SV Wattenscheid 1930"]
[BlackTeam "SG Porz e.V."]
[WhiteTeamCountry "GER"]
[BlackTeamCountry "GER"]

1. d4 Nf6 2. Nf3 e6 3. g3 b5 4. Bg2 Bb7 5. O-O c5 6. Na3 a6 7. c4 cxd4 8. cxb5
Bxa3 9. bxa3 axb5 10. Nxd4 Bxg2 11. Kxg2 O-O 12. Rb1 d5 13. Rxb5 Nbd7 14. Bd2
Ne5 15. Bb4 Re8 16. Qb3 Nc4 17. Rd1 Qd7 18. a4 Rec8 19. Be1 Ne4 20. Nf3 Nc5 21.
Qc3 Rxa4 22. Rb4 Ne4 23. Qd4 Rxb4 24. Bxb4 Qa4 25. a3 h6 26. Rc1 Rc6 27. Qd1
Qa7 28. e3 Nxf2 29. Kxf2 Nxe3 30. Qg1 Nd1+ 31. Ke2 Qxg1 32. Nxg1 Rxc1 33. Kd2
Ra1 34. Ne2 Nb2 35. Nc1 Nc4+ 36. Kc2 Nxa3+ 37. Kb2 Rb1+ 0-1

[Event "Bundesliga 0102"]
[Site "Deutschland"]
[Date "2002.02.03"]
[Round "7.5"]
[White "Graf, Alexander"]
[Black "Sjodahl, Pontus"]
[Result "0-1"]
[WhiteElo "2610"]
[BlackElo "2414"]
[PlyCount "100"]
[EventDate "2001.10.06"]
[EventType "team"]
[EventRounds "15"]
[EventCountry "GER"]
[SourceTitle "Bundesliga 0102"]
[Source "DeepChess"]
[SourceDate "2005.01.01"]
[SourceVersion "1"]
[SourceVersionDate "2005.01.01"]
[SourceQuality "1"]
[WhiteTeam "SG Porz e.V."]
[BlackTeam "SV Wattenscheid 1930"]
[WhiteTeamCountry "GER"]
[BlackTeamCountry "GER"]

1. d4 Nf6 2. c4 e6 3. Nc3 Bb4 4. e3 O-O 5. Bd3 d5 6. Nf3 c5 7. O-O dxc4 8. Bxc4
cxd4 9. exd4 b6 10. Bf4 Bb7 11. Rc1 Nc6 12. a3 Bxc3 13. bxc3 Ne7 14. Re1 Ng6
15. Bd2 Ne4 16. Bd3 Nxd2 17. Nxd2 Rc8 18. Re3 Nf4 19. Be4 Bxe4 20. Nxe4 f5 21.
Nd2 Qd6 22. a4 Rc6 23. Nf3 Nd5 24. Rd3 Rfc8 25. Qe1 Nf4 26. Re3 Nd5 27. Rd3 Nf4
28. Re3 Nd5 29. Rd3 Qa3 30. Ne5 Rxc3 31. Rcxc3 Rxc3 32. Nc4 Rc1 33. Rd1 Rxd1
34. Qxd1 Qb4 35. Ne5 Nc3 36. Qe1 Qxa4 37. d5 exd5 38. g4 Qd1 39. Qxd1 Nxd1 40.
gxf5 Nc3 41. f3 a5 42. Kf2 a4 43. Nd3 a3 44. Nc1 d4 45. Ke1 a2 46. Nb3 Nd5 47.
Kd2 Nb4 48. Kc1 Kf7 49. Kb2 d3 50. Ka3 d2 0-1

[Event "Bundesliga 0102"]
[Site "Deutschland"]
[Date "2002.02.03"]
[Round "7.6"]
[White "Straeter, Timo"]
[Black "Van den Doel, Erik"]
[Result "0-1"]
[WhiteElo "2310"]
[BlackElo "2607"]
[PlyCount "52"]
[EventDate "2001.10.06"]
[EventType "team"]
[EventRounds "15"]
[EventCountry "GER"]
[SourceTitle "Bundesliga 0102"]
[Source "DeepChess"]
[SourceDate "2005.01.01"]
[SourceVersion "1"]
[SourceVersionDate "2005.01.01"]
[SourceQuality "1"]
[WhiteTeam "SV Wattenscheid 1930"]
[BlackTeam "SG Porz e.V."]
[WhiteTeamCountry "GER"]
[BlackTeamCountry "GER"]

1. d4 Nf6 2. Nf3 e6 3. c4 b6 4. e3 Bb7 5. Bd3 Be7 6. O-O O-O 7. Nc3 d5 8. b3 c5
9. Bb2 cxd4 10. exd4 Nc6 11. Qe2 Nb4 12. Bb1 dxc4 13. bxc4 Bxf3 14. Qxf3 Qxd4
15. a3 Na6 16. Qb7 Bd6 17. Qxa6 Bxh2+ 18. Kxh2 Qh4+ 19. Kg1 Ng4 20. Rc1 Qxf2+
21. Kh1 Qh4+ 22. Kg1 Qh2+ 23. Kf1 Qh1+ 24. Ke2 Qxg2+ 25. Kd3 Rad8+ 26. Nd5 Qxb2
0-1

[Event "Bundesliga 0102"]
[Site "Deutschland"]
[Date "2002.02.03"]
[Round "7.7"]
[White "Nijboer, Friso"]
[Black "Thiel, Thomas"]
[Result "1-0"]
[WhiteElo "2551"]
[BlackElo "2314"]
[PlyCount "97"]
[EventDate "2001.10.06"]
[EventType "team"]
[EventRounds "15"]
[EventCountry "GER"]
[SourceTitle "Bundesliga 0102"]
[Source "DeepChess"]
[SourceDate "2005.01.01"]
[SourceVersion "1"]
[SourceVersionDate "2005.01.01"]
[SourceQuality "1"]
[WhiteTeam "SG Porz e.V."]
[BlackTeam "SV Wattenscheid 1930"]
[WhiteTeamCountry "GER"]
[BlackTeamCountry "GER"]

1. e4 e6 2. d4 d5 3. Nc3 dxe4 4. Nxe4 Bd7 5. Nf3 Bc6 6. Bd3 Nd7 7. O-O Ngf6 8.
Ned2 Be7 9. Re1 O-O 10. c3 h6 11. Nc4 b6 12. Bf4 Bb7 13. Qd2 Re8 14. Rad1 c5
15. Qe2 cxd4 16. Nxd4 Qc8 17. Bd6 Bd5 18. Bxe7 Bxc4 19. Bxc4 Rxe7 20. Bb5 Nf8
21. Bc6 Rb8 22. Bf3 Rc7 23. Nb5 Rd7 24. Rxd7 Qxd7 25. Rd1 Qe7 26. Qe5 Rd8 27.
Rxd8 Qxd8 28. Qd6 Qxd6 29. Nxd6 N8d7 30. Nc8 a5 31. Bc6 Kf8 32. Bb5 g5 33. Kf1
Kg7 34. b4 Kg6 35. Ne7+ Kg7 36. bxa5 bxa5 37. Nc6 a4 38. Bxa4 Nd5 39. c4 N5b6
40. Bb5 Nc5 41. Ke2 Kf6 42. Kd2 e5 43. f3 Ke6 44. Kc3 Kd6 45. Na5 f5 46. Nb3
Nc8 47. a4 Nxb3 48. Kxb3 Kc5 49. a5 1-0

[Event "Bundesliga 0102"]
[Site "Deutschland"]
[Date "2002.02.03"]
[Round "7.8"]
[White "Lauzeningks, Jan"]
[Black "Reinderman, Dimitri"]
[Result "0-1"]
[WhiteElo "2293"]
[BlackElo "2537"]
[PlyCount "76"]
[EventDate "2001.10.06"]
[EventType "team"]
[EventRounds "15"]
[EventCountry "GER"]
[SourceTitle "Bundesliga 0102"]
[Source "DeepChess"]
[SourceDate "2005.01.01"]
[SourceVersion "1"]
[SourceVersionDate "2005.01.01"]
[SourceQuality "1"]
[WhiteTeam "SV Wattenscheid 1930"]
[BlackTeam "SG Porz e.V."]
[WhiteTeamCountry "GER"]
[BlackTeamCountry "GER"]

1. e4 c5 2. c3 d5 3. exd5 Qxd5 4. d4 Nf6 5. Nf3 Bg4 6. Be2 e6 7. h3 Bh5 8. O-O
Nc6 9. Na3 Rc8 10. Nc2 Be7 11. c4 Qd8 12. dxc5 Bxc5 13. Qxd8+ Rxd8 14. Be3 b6
15. Rfd1 Ke7 16. a3 Ne4 17. Kf1 Bxe3 18. Nxe3 a5 19. g4 Bg6 20. Nh4 Nd2+ 21.
Ke1 Nb3 22. Rxd8 Rxd8 23. Nxg6+ hxg6 24. Rd1 Ncd4 25. Kf1 g5 26. Rd3 Nc1 27.
Nd5+ Rxd5 28. cxd5 Nxd3 29. d6+ Kxd6 30. Bxd3 Kd5 31. Kg2 Nc6 32. Kg3 Ne5 33.
Bc2 Nc4 34. f4 gxf4+ 35. Kxf4 e5+ 36. Kf3 g5 37. Bb3 Kd4 38. a4 Nd2+ 0-1

[Event "Bundesliga 0102"]
[Site "Deutschland"]
[Date "2002.02.23"]
[Round "8.2"]
[White "Haba, Petr"]
[Black "Epishin, Vladimir"]
[Result "1/2-1/2"]
[WhiteElo "2482"]
[BlackElo "2583"]
[PlyCount "98"]
[EventDate "2001.10.06"]
[EventType "team"]
[EventRounds "15"]
[EventCountry "GER"]
[SourceTitle "Bundesliga 0102"]
[Source "DeepChess"]
[SourceDate "2005.01.01"]
[SourceVersion "1"]
[SourceVersionDate "2005.01.01"]
[SourceQuality "1"]
[WhiteTeam "Erfurter SK"]
[BlackTeam "Luebecker SV von 1873 "]
[WhiteTeamCountry "GER"]
[BlackTeamCountry "GER"]

1. e4 c5 2. Nf3 e6 3. d4 cxd4 4. Nxd4 a6 5. Nc3 b5 6. Bd3 Qb6 7. Be3 Bc5 8. Be2
Nc6 9. Nxc6 Qxc6 10. e5 Bxe3 11. fxe3 Qc7 12. Bf3 Rb8 13. Qd6 Qxd6 14. exd6 f5
15. e4 Nh6 16. O-O-O O-O 17. b4 Bb7 18. Rhe1 Rfc8 19. Rd3 g6 20. Kb2 Rc4 21.
Kb3 Nf7 22. e5 Bxf3 23. gxf3 Rh4 24. Re2 Nd8 25. Nb1 Nc6 26. c3 f4 27. Nd2 Rh5
28. Rd4 Rf8 29. Ne4 Rxe5 30. Rdd2 Rff5 31. a3 Kf7 32. c4 bxc4+ 33. Kxc4 g5 34.
Rg2 h6 35. h4 Rd5 36. Kc3 Rxd2 37. Nxd2 gxh4 38. Rg4 Ne5 39. Rxh4 h5 40. Rh3
Ng6 41. a4 h4 42. Ne4 Rh5 43. a5 Rd5 44. Rh1 Kg7 45. Rg1 Kh6 46. Rh1 Kg7 47.
Rg1 Kh6 48. Rh1 Kg7 49. Rg1 Kh6 1/2-1/2

[Event "Bundesliga 0102"]
[Site "Deutschland"]
[Date "2002.02.23"]
[Round "8.7"]
[White "Hector, Jonny"]
[Black "Casper, Thomas"]
[Result "1-0"]
[WhiteElo "2552"]
[BlackElo "2409"]
[PlyCount "81"]
[EventDate "2001.10.06"]
[EventType "team"]
[EventRounds "15"]
[EventCountry "GER"]
[SourceTitle "Bundesliga 0102"]
[Source "DeepChess"]
[SourceDate "2005.01.01"]
[SourceVersion "1"]
[SourceVersionDate "2005.01.01"]
[SourceQuality "1"]
[WhiteTeam "Luebecker SV von 1873 "]
[BlackTeam "Erfurter SK"]
[WhiteTeamCountry "GER"]
[BlackTeamCountry "GER"]

1. e4 e6 2. d4 d5 3. Nc3 Bb4 4. Nge2 dxe4 5. a3 Bxc3+ 6. Nxc3 Nc6 7. Bb5 Nge7
8. Bg5 f6 9. Be3 O-O 10. Qd2 a6 11. Bxc6 Nxc6 12. O-O-O b6 13. Nxe4 Bb7 14. f3
Qd7 15. Rhe1 Rad8 16. Bf2 Qf7 17. Qe2 Rd7 18. Nc3 Rfd8 19. Qxe6 Nxd4 20. Bxd4
Rxd4 21. Rxd4 Rxd4 22. Qe8+ Qxe8 23. Rxe8+ Kf7 24. Rh8 h6 25. b4 Rd7 26. a4 Ke6
27. a5 c5 28. Na4 cxb4 29. Nxb6 Rc7 30. Rd8 g5 31. Kb2 h5 32. Re8+ Kf5 33. Re2
h4 34. Kb3 h3 35. gxh3 Rc3+ 36. Kxb4 Rxf3 37. Nc4 Kf4 38. Nd6 Bd5 39. c4 Bc6
40. Kc5 Ba4 41. Re4# 1-0

[Event "Bundesliga 0102"]
[Site "Deutschland"]
[Date "2002.02.23"]
[Round "8.2"]
[White "Bischoff, Klaus"]
[Black "Kempinski, Robert"]
[Result "0-1"]
[WhiteElo "2541"]
[BlackElo "2595"]
[PlyCount "68"]
[EventDate "2001.10.06"]
[EventType "team"]
[EventRounds "15"]
[EventCountry "GER"]
[SourceTitle "Bundesliga 0102"]
[Source "DeepChess"]
[SourceDate "2005.01.01"]
[SourceVersion "1"]
[SourceVersionDate "2005.01.01"]
[SourceQuality "1"]
[WhiteTeam "SK Koenig Plauen"]
[BlackTeam "Hamburger SK 1830 e.V."]
[WhiteTeamCountry "GER"]
[BlackTeamCountry "GER"]

1. Nf3 Nf6 2. c4 g6 3. Nc3 Bg7 4. d4 O-O 5. e4 c6 6. h3 d5 7. e5 Ne4 8. Bd3
Nxc3 9. bxc3 dxc4 10. Bxc4 c5 11. O-O Nc6 12. Re1 Na5 13. Bd3 cxd4 14. cxd4 Be6
15. Qe2 Rc8 16. Bg5 Qd7 17. Rad1 h6 18. Bf4 Bd5 19. Nh2 Bc4 20. Bxc4 Nxc4 21.
d5 Qf5 22. Bg3 Nb6 23. Nf3 Qc2 24. d6 Qxe2 25. Rxe2 Rfd8 26. Nd2 exd6 27. exd6
Rc2 28. Re7 Nd5 29. Rxb7 Nc3 30. Rc7 Rxa2 31. Rxc3 Bxc3 32. Ne4 Bg7 33. Rd5 Ra4
34. Nc5 Rd4 0-1

[Event "Bundesliga 0102"]
[Site "Deutschland"]
[Date "2002.02.23"]
[Round "8.3"]
[White "Ftacnik, Lubomir"]
[Black "Gdanski, Jacek"]
[Result "1-0"]
[WhiteElo "2580"]
[BlackElo "2537"]
[PlyCount "103"]
[EventDate "2001.10.06"]
[EventType "team"]
[EventRounds "15"]
[EventCountry "GER"]
[SourceTitle "Bundesliga 0102"]
[Source "DeepChess"]
[SourceDate "2005.01.01"]
[SourceVersion "1"]
[SourceVersionDate "2005.01.01"]
[SourceQuality "1"]
[WhiteTeam "Hamburger SK 1830 e.V."]
[BlackTeam "SK Koenig Plauen"]
[WhiteTeamCountry "GER"]
[BlackTeamCountry "GER"]

1. d4 Nf6 2. Nf3 c5 3. e3 g6 4. c4 Bg7 5. Nc3 O-O 6. Be2 cxd4 7. exd4 d5 8. O-O
Nc6 9. h3 b6 10. Ne5 Bb7 11. Bf3 Rc8 12. Nxd5 Nxd5 13. Bxd5 e6 14. Bxc6 Bxc6
15. b3 Ba8 16. Ba3 Re8 17. Re1 Qc7 18. Qe2 Rcd8 19. Rad1 Qb7 20. f3 b5 21. cxb5
Rd5 22. Kh1 Qxb5 23. Qxb5 Rxb5 24. Nc4 Rd8 25. Bc5 Bd5 26. Rc1 a5 27. Rc2 h5
28. Kg1 Bf6 29. Kf2 h4 30. Rd1 Kg7 31. Ke2 Bg5 32. Rd3 Bxc4 33. bxc4 Rb1 34. d5
exd5 35. Rxd5 Re8+ 36. Kd3 Bf6 37. Bd4 Bxd4 38. Rxd4 g5 39. c5 Rc8 40. Kd2 Rb5
41. c6 Rc7 42. f4 Kf8 43. Ke3 f6 44. Kf3 Ke7 45. fxg5 fxg5 46. Kg4 Re5 47. Rdd2
Kf7 48. Rd6 a4 49. Rcd2 Ke8 50. Rh6 Rf7 51. Rh8+ Ke7 52. Rd7+ 1-0

[Event "Bundesliga 0102"]
[Site "Deutschland"]
[Date "2002.02.23"]
[Round "8.4"]
[White "Boensch, Uwe"]
[Black "Gustafsson, Jan"]
[Result "1/2-1/2"]
[WhiteElo "2542"]
[BlackElo "2535"]
[PlyCount "62"]
[EventDate "2001.10.06"]
[EventType "team"]
[EventRounds "15"]
[EventCountry "GER"]
[SourceTitle "Bundesliga 0102"]
[Source "DeepChess"]
[SourceDate "2005.01.01"]
[SourceVersion "1"]
[SourceVersionDate "2005.01.01"]
[SourceQuality "1"]
[WhiteTeam "SK Koenig Plauen"]
[BlackTeam "Hamburger SK 1830 e.V."]
[WhiteTeamCountry "GER"]
[BlackTeamCountry "GER"]

1. d4 Nf6 2. c4 g6 3. Nc3 d5 4. Nf3 Bg7 5. Bg5 Ne4 6. Bf4 Nxc3 7. bxc3 O-O 8.
c5 Nc6 9. e3 b6 10. Qa4 Bd7 11. Qa3 e5 12. dxe5 Qe7 13. Rd1 Nxe5 14. Bxe5 Bxe5
15. Nxe5 Qxe5 16. Be2 Qe7 17. O-O Be6 18. Bf3 Rad8 19. Rd4 Qxc5 20. Qxc5 bxc5
21. Ra4 c6 22. Ra1 Rd7 23. Rb1 Rfd8 24. h3 Rc7 25. Kf1 Rdd7 26. Rb8+ Kg7 27. g4
d4 28. exd4 cxd4 29. cxd4 c5 30. dxc5 Rxc5 31. Rb2 g5 1/2-1/2

[Event "Bundesliga 0102"]
[Site "Deutschland"]
[Date "2002.02.23"]
[Round "8.5"]
[White "Berg, Emanuel"]
[Black "Kindermann, Stefan"]
[Result "1-0"]
[WhiteElo "2496"]
[BlackElo "2520"]
[PlyCount "71"]
[EventDate "2001.10.06"]
[EventType "team"]
[EventRounds "15"]
[EventCountry "GER"]
[SourceTitle "Bundesliga 0102"]
[Source "DeepChess"]
[SourceDate "2005.01.01"]
[SourceVersion "1"]
[SourceVersionDate "2005.01.01"]
[SourceQuality "1"]
[WhiteTeam "Hamburger SK 1830 e.V."]
[BlackTeam "SK Koenig Plauen"]
[WhiteTeamCountry "GER"]
[BlackTeamCountry "GER"]

1. e4 e6 2. d4 d5 3. Nc3 Bb4 4. Nge2 Nc6 5. a3 Ba5 6. Be3 Nf6 7. e5 Ng4 8. Nf4
Nxe3 9. fxe3 Qh4+ 10. g3 Qg5 11. Qf3 f6 12. h4 Qh6 13. g4 O-O 14. Bd3 fxe5 15.
g5 Rxf4 16. exf4 e4 17. gxh6 exf3 18. Rg1 g6 19. h5 f2+ 20. Kxf2 Bb6 21. hxg6
Bxd4+ 22. Ke2 Bxg1 23. gxh7+ Kh8 24. Rxg1 Bd7 25. Rg7 Rd8 26. Nb5 e5 27. fxe5
Nxe5 28. Nxc7 Nxd3 29. Kxd3 Bf5+ 30. Kd4 Rd6 31. Nxd5 Bxc2 32. Rxb7 Rxh6 33.
Rxa7 Bb3 34. Rb7 Rh4+ 35. Kc5 Bxd5 36. Rb8+ 1-0

[Event "Bundesliga 0102"]
[Site "Deutschland"]
[Date "2002.02.23"]
[Round "8.6"]
[White "Espig, Lutz"]
[Black "Wahls, Matthias"]
[Result "0-1"]
[WhiteElo "2421"]
[BlackElo "2580"]
[PlyCount "98"]
[EventDate "2001.10.06"]
[EventType "team"]
[EventRounds "15"]
[EventCountry "GER"]
[SourceTitle "Bundesliga 0102"]
[Source "DeepChess"]
[SourceDate "2005.01.01"]
[SourceVersion "1"]
[SourceVersionDate "2005.01.01"]
[SourceQuality "1"]
[WhiteTeam "SK Koenig Plauen"]
[BlackTeam "Hamburger SK 1830 e.V."]
[WhiteTeamCountry "GER"]
[BlackTeamCountry "GER"]

1. Nf3 c5 2. c4 Nf6 3. Nc3 e6 4. g3 b6 5. Bg2 Bb7 6. O-O a6 7. d4 cxd4 8. Qxd4
d6 9. Rd1 Be7 10. b3 Nbd7 11. e4 Qc8 12. Bb2 O-O 13. Nd2 Qc7 14. Nf1 Rad8 15.
Ne3 Qb8 16. f3 b5 17. cxb5 axb5 18. b4 d5 19. exd5 e5 20. Qd3 Bxb4 21. Nxb5 Ba6
22. a4 Nb6 23. Qb3 Bc5 24. Kh1 Bxe3 25. Qxe3 Nc4 26. Qb3 Nxb2 27. Qxb2 Nxd5 28.
f4 Ne3 29. Rxd8 Qxd8 30. fxe5 Nxg2 31. Kxg2 Qd5+ 32. Kf2 Bb7 33. Qe2 Re8 34.
Rd1 Qg2+ 35. Ke1 Qg1+ 36. Kd2 Qc5 37. Qe3 Qd5+ 38. Qd4 Qg2+ 39. Kc1 Rc8+ 40.
Kb1 Qc2+ 41. Ka1 h6 42. Na3 Qb3 43. Nb1 Bd5 44. Qxd5 Qxa4+ 45. Na3 Rc3 46. Qd8+
Kh7 47. Qd3+ Rxd3 48. Rxd3 Qe4 49. Rc3 Qh1+ 0-1

[Event "Bundesliga 0102"]
[Site "Deutschland"]
[Date "2002.02.23"]
[Round "8.7"]
[White "Mueller, Karsten"]
[Black "Kuraszkiewicz, Michael"]
[Result "1/2-1/2"]
[WhiteElo "2503"]
[BlackElo "2350"]
[PlyCount "41"]
[EventDate "2001.10.06"]
[EventType "team"]
[EventRounds "15"]
[EventCountry "GER"]
[SourceTitle "Bundesliga 0102"]
[Source "DeepChess"]
[SourceDate "2005.01.01"]
[SourceVersion "1"]
[SourceVersionDate "2005.01.01"]
[SourceQuality "1"]
[WhiteTeam "Hamburger SK 1830 e.V."]
[BlackTeam "SK Koenig Plauen"]
[WhiteTeamCountry "GER"]
[BlackTeamCountry "GER"]

1. e4 g6 2. d4 Bg7 3. Nc3 d6 4. Bc4 Nd7 5. Nf3 e6 6. a4 Ne7 7. O-O O-O 8. a5
Nf6 9. Bb3 Rb8 10. h3 b5 11. axb6 axb6 12. Qe2 Bb7 13. Bf4 b5 14. e5 Nfd5 15.
Nxd5 Bxd5 16. Bxd5 Nxd5 17. Bg5 Qd7 18. Qe4 Ra8 19. Nh2 dxe5 20. dxe5 Qc6 21.
Nf3 1/2-1/2

[Event "Bundesliga 0102"]
[Site "Deutschland"]
[Date "2002.02.23"]
[Round "8.8"]
[White "Schaller, Sven"]
[Black "Reeh, Oliver"]
[Result "1/2-1/2"]
[WhiteElo "2301"]
[BlackElo "2416"]
[PlyCount "67"]
[EventDate "2001.10.06"]
[EventType "team"]
[EventRounds "15"]
[EventCountry "GER"]
[SourceTitle "Bundesliga 0102"]
[Source "DeepChess"]
[SourceDate "2005.01.01"]
[SourceVersion "1"]
[SourceVersionDate "2005.01.01"]
[SourceQuality "1"]
[WhiteTeam "SK Koenig Plauen"]
[BlackTeam "Hamburger SK 1830 e.V."]
[WhiteTeamCountry "GER"]
[BlackTeamCountry "GER"]

1. d4 Nf6 2. Nf3 g6 3. c4 Bg7 4. Nc3 O-O 5. e4 d6 6. Be2 c5 7. O-O cxd4 8. Nxd4
Nc6 9. Be3 a5 10. Ndb5 Be6 11. Rc1 a4 12. Nxa4 Nxe4 13. b3 Ra6 14. Bf3 Nf6 15.
Qe2 Qb8 16. Bf4 Bd7 17. Bxc6 Rxc6 18. c5 e5 19. Bg3 dxc5 20. Rxc5 Ne4 21. Qxe4
Rxc5 22. Nxc5 Bxb5 23. Re1 b6 24. Nd3 Qa8 25. Qxa8 Rxa8 26. Nb4 f6 27. a4 Be8
28. Nd5 Rb8 29. f4 Bf7 30. Ne7+ Kf8 31. fxe5 fxe5 32. Nc6 Rc8 33. Nxe5 Bxe5 34.
Rxe5 1/2-1/2